| 000 | 00672cam a22002292 4500 | ||
|---|---|---|---|
| 001 | 0000003901 | ||
| 005 | 20151217145743.0 | ||
| 008 | 070516s xx 000 0 eng d | ||
| 020 | _a033351954X : | ||
| 040 |
_aKABU _cKABU |
||
| 050 | 0 |
_aQD95 _b.K46 1991 |
|
| 100 | 1 |
_aKemp, William. _@0000154137 |
|
| 245 | 1 | 0 |
_aOrganic spectroscopy / _cWilliam Kemp. |
| 250 | _a3rd ed. | ||
| 260 |
_aLondon : _bPalgrave, _c1991. |
||
| 300 | _axxii, 393 p. | ||
| 650 | 0 |
_aSpectrum analysis. _@0000153917 |
|
| 852 | 1 | _9p3388.87 KES | |
| 852 | 1 | _9p3388.87 KES | |
| 908 | _a070516 | ||
| 950 | _@1 | ||
| 999 |
_c2290 _d2290 |
||